000 01394nam0a2200313 4500
001 RU\NLR\bibl\265184
005 20250620131210.0
035 _a(NLR Aleph) 000260776
090 _a1523260
_c1523260
100 _a20020520d1977 |||y0rusy50 ca
101 0 _arus
102 _aRU
105 _aa |||||||||
200 1 _a150 лет Гидрографической службе Военно-Морского Флота
_eИст. очерк
_f[А.Н. Алексеев, Л.В. Басис, К.А. Богданов и др.
_gРедкол.: контр-адм. П.С. Ковалев (пред.) и др.]
210 _aЛ.
_cГл. упр. навигации и океанографии МО
_d1977
215 _a266,[1] c., [1] л. карт.
_cил., портр.
_d22
320 _aБиблиогр. в конце кн. и в подстроч. примеч.
601 0 1 _aРоссия
_bВоенно-морской флот
_xГидрографическая служба
_xИстория
_92248227
_3RU\NLR\AUTH\661348683
686 1 _aЦ661.1-922.3г(2)
701 1 _aАлексеев
_bА. Н.
_4070
701 1 _aБасис
_bЛ. В.
_4070
701 1 _aБогданов
_bК. А.
_4070
702 1 _aКовалев
_bП. С.
_4340
801 0 _aRU
_bNLR
_c20020520
_gPSBO
801 1 _aRU
_bNLR
_c20020520
942 _cBOOK
980 _aNB